| 000 | 01126cam a2200265 i 4500 | ||
|---|---|---|---|
| 003 | SA-RiAUC | ||
| 005 | 20250314130336.0 | ||
| 008 | 250314s1993 su f b f000 0 ara c | ||
| 040 |
_aBSALEHC _bara _cSA-RiAUC _erda |
||
| 043 | _aa-su--- | ||
| 050 | 4 | _bS53 1993 | |
| 082 | 0 | 4 |
_a016.0209531 _qSA-RiAUC |
| 090 |
_a016.0209531 _b س ي د |
||
| 100 | 1 |
_aسيدو، أمين سليمان، _d1956- _eمؤلف. |
|
| 245 | 1 | 2 |
_aالإسهامات العلمية للمؤلفين السعوديين في مجال المكتبات والمعلومات / _cأمين سليمان سيدو. |
| 264 | 1 |
_aالرياض : _bمكتبة الملك فهد الوطنية، _c1993 |
|
| 300 |
_a90 صفحة ؛ _c24 سم. |
||
| 336 |
_aنص _btxt _2rdacontent _3كتاب |
||
| 337 |
_aبدون وسيط _bn _2rdamedia |
||
| 338 |
_aمجلد _bnc _2rdacarrier |
||
| 490 | 0 |
_aمطبوعات مكتبة الملك فهد الوطنية ؛ _vالسلسلة الثالثة ؛ _v3 |
|
| 650 | 7 |
_aعلم المكتبات _zالسعودية _vببليوجرافيات _2aucsh |
|
| 942 |
_2ddc _cBOOK _n0 |
||
| 949 |
_aSA-JeALM _d250314 _ueid123 _n1 |
||
| 999 |
_c6417 _d6417 |
||